Представление документа в формате RUSMARC

ПолеНазваниеЗначение
  Тип записи a
  Библиографический уровень c
001 Контрольный номер RU/IS/BASE/282825618
005 Дата корректировки 20220211102537.1
010 Индекс ISBN __
d Цена 1-80
100 Данные общей обработки __
a Данные общей обработки 20211119d1989 m y0rusy028902 ca
101 Язык документа 0_
a Язык текста rus
c Язык оригинала fre
102 Страна публикации __
a Страна публикации RU
105 Кодированные данные (монография) __
a Кодированные данные (монография) a z 000zy
181 Поле кодированных данных: вид содержания _0
a Код вида содержания (ISBD) i
182 Поле кодированных данных: тип средства _0
a Код типа средства (ISBD) n
200 Заглавие и сведения об ответственности 1_
a Заглавие Свобода. Равенство. Братство
e Сведения, относящиеся к заглавию Великая французская революция : док., письма, речи, воспоминания, песни, стихи
f Первые сведения об ответственности сост.: О. Кустова, С. Коротков
b Общее обозначение материала Текст
210 Выходные данные 1_
a Место издания Л.
c Издательство Дет. лит., Ленингр. отд-ние
d Дата издания 1989
215 Физическое описание __
a Объем 464 с.
c Иллюстрации/тип воспроизводства ил.
225 Серия 2_
a Серия Люди. Время. Идеи
606 Тематические рубрики __
a Основная рубрика История
z Хронологическая подрубрика 18 в.
y Географическая подрубрика Франция
606 Тематические рубрики __
a Основная рубрика Европа в XVI в. - 1918 г.
610 Ключевые слова 0_
a Ключевые слова революции; Великая французская революция; буржуазные революции; стихотворения; песни; письма; воспоминания
686 Индексы других классификаций __
a Классификационный индекс 63.3(4Фра)52; ст63.3(4Фра)
702 Вторичная интеллектуальная ответственность _1
a Фамилия Кустова
b Имя О.
4 Код отношения Составитель
4 Код отношения 220
702 Вторичная интеллектуальная ответственность _1
a Фамилия Коротков
b Имя С.
4 Код отношения Составитель
4 Код отношения 220
801 Источник записи _0
a Страна RU
b Организация Муниципальное бюджетное учреждение культуры "Централизованная библиотечная система" г. Сургут (Центральная городская библиотека им. А. С. Пушкина)
g Правила каталогизации ЦДБ/Симакова
801 Источник записи _1
a Страна RU
b Организация Муниципальное бюджетное учреждение культуры "Централизованная библиотечная система" г. Сургут (Центральная городская библиотека им. А. С. Пушкина)
g Правила каталогизации ЦДБ/Симакова
852 Данные о местонахождении __
j Шифр хранения 63.3(4Фра)52
c Каталожный индекс 63.3(4Фра)
i Авторский знак С 25
p Инвентарный номер 40514
901 Тип документа __
t Тип документа x
903 Характеристики (МАРС) __
a Дата передачи 20060328
969 Тип издания __
a Тип издания сборник
990 Данные о заказе (DOS) __
j Количество экземпляров (DOS) 3
t N записи в КСУ для И/У (DOS) ретр